000
00325nam a2200169Ia 4500
100
_a
Nandini Vaidyanathan
650
_a
Start up
942
_c
BK
366
_f
25
654
_a
start up
245
_a
Start Up Stand up
260
_b
Jaico
_c
2018
082
_b
NAN
300
_a
288
546
_a
ENGLISH
999
_c
33302
_d
33302